000 00802nas a2200253 4500
001 BR9800455
003 BR-BrBNA
005 20231205100713.0
007 ta
008 230509b bl.|||p| |||| 00| 00por d
040 _aBR-BrBNA
_bpor
_cBiblioteca Nacional de Agricultura
041 _a(Pt)
072 _aL73; L70
100 1 _aNeumann, W.
100 1 _aSchulte-Neumann, A.L.
245 1 _aQueratite cronica superficial: resultados de um estudo controlado realizado na Europa com pomada oftalmica a base de ciclosporina
650 _aCao
650 _aQueratite
650 _aVeterinaria
650 _aMedicamento
773 0 _tHora Veterinaria (Brazil)
_xISSN 0101-9163
_g(Jan-Feb 1998), v. 17(101) p. 11-16
_wBR9800455
909 _a202311
_bLúcia
_c55
_dLúcia Elande
942 _2AGRIS
_n0
_cANA
999 _c157569
_d157569